Design and use of pressure sewer systems /

Bibliographic Details
Main Author: Thrasher, David
Format: Book
Language:English
Published: Chelsea, Mich. : Lewis Publishers, [1987]
Subjects:

MARC

Tag First Indicator Second Indicator Subfields
LEADER 00000pam a2200000 a 4500
001 in00000437021
005 20151012075640.0
008 861209s1987 miua b 00110 eng
010 |a  86027340  
020 |a 0873710703 :  |c $34.95 
035 |a (OCoLC)15017415 
035 |9 ABX4028AM 
040 |a DLC  |c DLC  |d TXA  |d UtOrBLW 
049 |a TXAM  |c [A10117199] 
050 0 0 |a TD658  |b .T48 1987 
082 0 |a 628.3  |2 19 
100 1 |a Thrasher, David. 
245 1 0 |a Design and use of pressure sewer systems /  |c David Thrasher. 
264 1 |a Chelsea, Mich. :  |b Lewis Publishers,  |c [1987] 
264 4 |c ©1987 
300 |a x, 124 pages :  |b illustrations ;  |c 24 cm. 
336 |a text  |b txt  |2 rdacontent 
337 |a unmediated  |b n  |2 rdamedia 
338 |a volume  |b nc  |2 rdacarrier 
500 |a Includes index. 
504 |a Bibliography: pages 105-113. 
650 0 |a Sewerage  |x Fluid dynamics. 
740 0 |a Pressure sewer systems. 
999 |a MARS 
999 f f |s c1159515-039a-3d9d-9441-4cd5c1eee514  |i 24fd67f9-cd19-37ea-8073-99ad10ea8be6  |t 0 
952 f f |p ric  |a Texas A&M University  |b Rellis Campus  |c Joint Library Facility  |d Remote Storage  |t 0  |e TD658 .T48 1987  |h Library of Congress classification  |i unmediated -- volume  |m A14810117199 
998 f f |a TD658 .T48 1987  |t 0  |l Remote Storage